| 000 | 00385nam a22001577a 4500 | ||
|---|---|---|---|
| 003 | CEME | ||
| 005 | 20210628203357.0 | ||
| 008 | 210115b xxu||||| |||| 00| 0 eng d | ||
| 040 | _cceme | ||
| 082 | _a891.4391 IQB | ||
| 100 |
_aAlama Iqbal _965067 |
||
| 245 | _aQuliat-e-iqbal dictromarytype | ||
| 260 |
_bALFAISAL PUBLISHER _c2006 |
||
| 650 |
_aIQBALIAT. _964994 |
||
| 942 |
_cBK _2ddc |
||
| 999 |
_c573384 _d573384 |
||